000 01406nam a2200349 a 4500
001 ebr10588360
003 CaPaEBR
006 m u
007 cr cn|||||||||
008 120831s1965 gw s 001 0 grc d
020 _z9783110004359
020 _z9783110822472 (e-book)
040 _aCaPaEBR
_cCaPaEBR
035 _a(OCoLC)811372654
041 0 _agrc
_alat
050 1 4 _aBR220
_b.C65 1965eb
245 0 0 _aCollectio Vaticana 1-32
_h[electronic resource] /
_cedidit Eduardus Schwartz.
260 _aBerlin :
_bWalter de Gruyter & Co.,
_c1965.
300 _axxvi, 128 p.
490 0 _aConcilium universale Ephesenum. Volumen primum, Acta graeca ;
_vpars 1
490 0 _aActa conciliorum oecumenicorum ;
_vtomus 1, volumen 1, pars 1
500 _aIncludes indexes.
500 _a"MDCCCCXXVII, Walter de Gruyter & Co. ... Berolini et Lipsiae."
500 _aFotomechanischer Nachdruck.
533 _aElectronic reproduction.
_bPalo Alto, Calif. :
_cebrary,
_d2011.
_nAvailable via World Wide Web.
_nAccess may be limited to ebrary affiliated libraries.
611 2 0 _aCouncil of Ephesus
_d(431)
650 0 _aCouncils and synods, Ecumenical.
655 7 _aElectronic books.
_2local
700 1 _aSchwartz, Eduardus.
710 2 _aebrary, Inc.
856 4 0 _uhttp://site.ebrary.com/lib/rucke/Doc?id=10588360
_zAn electronic book accessible through the World Wide Web; click to view
999 _c103746
_d103746